Senadores da República do Brasil por estado - Statistics

Estatísticas Gerais
  • Esse quiz foi jogado 90 vezes
  • A pontuação média é 20 de 27
Estatísticas das Respostas
Hint Resposta % Correto
Fernando Collor (PROS), Renan Calheiros (MDB) e Rodrigo Cunha (PSDB) Alagoas
96%
José Serra (PSDB), Major Olímpio (PSL) e Mara Gabrili (PSDB) São Paulo
96%
Arolde de Oliveira (PSD), Flávio Bolsonaro (Republicanos) e Romário (Podemos) Rio de Janeiro
93%
Nelsinho Trad (PSD), Simone Tebet (MDB) e Soraia Trhonicke (PSL) Mato Grosso do Sul
87%
Álvaro Dias (Podemos), Flávio Arns (REDE) e Oriovisto Guimarães (Podemos) Paraná
87%
Angelo Coronel (PSD), Jacques Wagner (PT) e Otto Alencar (PSD) Bahia
84%
Cid Gomes (PDT), Eduardo Girão (Podemos) e Tasso Jereissati (PSDB) Ceará
84%
Antônio Anastasia (PSD), Carlos Viana (PSD) e Rodrigo Pacheco (DEM) Minas Gerais
84%
Lasier Martins (Podemos), Luis Carlos Heinze (PP) e Paulo Paim (PT) Rio Grande do Sul
84%
Jorge Kajuru (Cidadania), Luiz do Carmo (MDB) e Vanderlan Cardoso (PSD) Goiás
81%
Davi Alcolumbre (DEM), Lucas Barreto (PSD) e Randolfe Rodrigues (REDE) Amapá
80%
Fabiano Contarato (REDE), Marcos do Val (Podemos) e Rose de Freitas (Podemos) Espírito Santo
78%
Dário Berger (MDB), Esperidião Amin (PP) e Jorginho Melo (PL) Santa Catarina
77%
Jader Barbalho (MDB), Paulo Rocha (PT) e Zequinha Marinho (PSC) Pará
74%
Fernando Bezerra Coelho (MDB), Humberto Costa (PT) e Jarbas Vasconcelos (MDB) Pernambuco
70%
Eduardo Braga (MDB), Omar Aziz (PSD) e Plínio Valério (PSDB) Amazonas
68%
Eduardo Gomes (MDB), Irajá (PSD) e Kátia Abreu (PP) Tocantins
67%
Izalci Lucas (PSDB), Leila Barros (PSB) e Reguffe (Podemos) Distrito Federal
65%
Ciro Ferreira (PP), Elmano Férrer (Podemos) e Marcelo Castro (MDB) Piauí
64%
Eliziane Gama (Cidadania),Roberto Rocha (PSDB) e Weverton (PDT) Maranhão
61%
Daniela Ribeiro (PP), José Maranhão (MDB) e Veneziano Vital do Rêgo (PSB) Paraíba
61%
Alessandro Vieira (Cidadania), Maria do Carmo Alves (DEM) e Rogério Carvalho (PT) Sergipe
59%
Carlos Fávaro (PSD), Jayme Campos (DEM) e Wellington Fagundes (PL) Mato Grosso
54%
Jean Paul Prates (PT), Styvenson Valentim (Podemos) e Zenaide Maia (PROS) Rio Grande do Norte
54%
Acir Gurgacz (PDT), Confúcio Moura (MDB) e Marcos Rogério (DEM) Rondônia
54%
Mailza Gomes (PP), Marcio Bittar (MDB) e Sérgio Petecão (PSD) Acre
52%
Chico Rodrigues (DEM), Mecias de Jesus (Republicanos) e Telmário Mota (PROS) Roraima
51%
Nenhum quiz correspondente encontrado
Distribuição das Pontuações
Porcentagem de Pessoas com Cada Pontuação
Percentil de Números Respondidos
Sua Pontuação Histórica
Você não jogou esse quiz